LEADER 00868nam0-22003131i-450- 001 990006970370403321 005 20111213144534.0 035 $a000697037 035 $aFED01000697037 035 $a(Aleph)000697037FED01 035 $a000697037 100 $a20011008d1964----km-y0itay50------ba 101 0 $aeng 102 $aGB 105 $ay-------001yy 200 1 $aMarriage questions$fby John C. Ford and Gerald Kelly 210 $aWestminster, London$cNewman Press$d1964 215 $aVIII, 474 p.$d24 cm 225 1 $aContemporary moral theology$v2 676 $a346.016$v20$zita 700 1$aFord,$bJohn C.$0256582 701 1$aKelly,$bGerald$0256583 801 0$aIT$bUNINA$gRICA$2UNIMARC 901 $aBK 912 $a990006970370403321 952 $aIII G 192$b82341$fFGBC 959 $aFGBC 996 $aMarriage questions$9700251 997 $aUNINA LEADER 00862nam0-2200337-i-450- 001 990008818410403321 005 20090305125728.0 010 $a978-0-387-78240-9 035 $a000881841 035 $aFED01000881841 035 $a(Aleph)000881841FED01 035 $a000881841 100 $a20090305d2008----km-y0itay50------ba 101 0 $aeng 102 $aUS 105 $aa---a---001yy 200 1 $aPlane and solid geometry$fJ. M. Aarts 210 $aNew York$cSpringer$dx2008 215 $axiv, 349 p.$d24 cm 225 1 $aUniversitext 610 0 $aGeometria 676 $a516.2$v21$zita 700 1$aAarts,$bJ. M.$060576 801 0$aIT$bUNINA$gRICA$2UNIMARC 901 $aBK 912 $a990008818410403321 952 $aC-6-(199$b23544$fMA1 959 $aMA1 962 $a51-XX 996 $aPlane and solid geometry$9229962 997 $aUNINA LEADER 00876nam0-22003011i-450- 001 990007844990403321 005 20031216104124.0 010 $a0-521-77077-7 035 $a000784499 035 $aFED01000784499 035 $a(Aleph)000784499FED01 035 $a000784499 100 $a20031216d2000----km-y0itay50------ba 101 0 $aeng 102 $aUS 200 1 $a<>spoken language translator$f[edited by] Manny Rayner ... [et al.] 210 $aCambridge ; New York$cCambridge University Press$d2000 215 $aXVIII, 337 p.$cill.$d24 cm 225 1 $aStudies in natural language processing 676 $a418.020285 702 1$aRayner,$bManny 801 0$aIT$bUNINA$gRICA$2UNIMARC 901 $aBK 912 $a990007844990403321 952 $aXV Ib 485$b37718$fFSPBC 959 $aFSPBC 996 $aSpoken language translator$9671856 997 $aUNINA LEADER 01305cam0-22004571--450 001 990001467750403321 005 20220607162708.0 035 $a000146775 035 $aFED01000146775 035 $a(Aleph)000146775FED01 035 $a000146775 100 $a20010214d1988----km-y0itay50------ba 101 0 $aita 102 $aIT 105 $ay-------001yy 200 1 $aEconomia dell'ambiente per una nuova impostazione$fRomano Molesti$gprefazione di N. Georgescu-Roegen 210 $aPisa$cIPEM$d1988 215 $aXII, 209 p.$d25 cm 225 1 $aEconomia e ambiente$v1 610 0 $aEcologia 610 0 $aEconomia ambientale 676 $a333$v16$zita 676 $a333.707$v23 700 1$aMolesti,$bRomano$065041 702 1$aGeorgescu-Roegen,$bNicholas$f<1906-1994> 801 0$aIT$bUNINA$gREICAT$2UNIMARC 901 $aBK 912 $a990001467750403321 952 $aXV H2 22$b9261*$fFGBC 952 $aQ2-Q4.42$b1120$fDECTS 952 $aVII C 145$bBibl. 9325$fFSPBC 952 $aBSF-333.707-MOL-1$b168$fSC1 952 $aXV H2 135$b2640$fDTE 952 $aISVE Q2-Q4.36$fDECTS 959 $aSC1 959 $aDECTS 959 $aFSPBC 959 $aDTE 959 $aFGBC 996 $aEconomia dell'ambiente per una nuova impostazione$9378810 997 $aUNINA